LEADER 01264nam--2200409---450 001 990000472400203316 005 20220414095238.0 010 $a88-06-11726-2 035 $a0047240 035 $aUSA010047240 035 $a(ALEPH)000047240USA01 035 $a0047240 100 $a20010528h1979----km-y0ENGy0103----ba 101 $aita 102 $aIT 105 $aa---||||001yy 200 1 $a<> architetti del Partenone$fRhys Carpenter$g[traduzione di Aldo Martignetti] 210 $aTorino$cEinaudi$d1979 215 $aXV, 152 p., [16] carte di tav.$cill.$d18 cm 225 2 $aPiccola biblioteca Einaudi$v358 300 $aTitolo originale: The architets of the Parthenon 410 $12001$aPiccola biblioteca Einaudi$v358 454 $12001$a<> architets of the Parthenon$915355 461 1$1001-------$12001 606 0 $aAtene$xPartenone 676 $a722.809385 700 1$aCARPENTER,$bRhys$024849 702 1$aMARTIGNETTI,$bAldo 801 0$aIT$bsalbc$gISBD 912 $a990000472400203316 951 $aXI.3.B. 3 (Varie coll. 11/358)$b119652 L.M.$cVARIE COLL. 951 $aI A U CAR 1$b203 DBC$cI A U 959 $aBK 969 $aUMA 969 $aDBC 996 $aArchitets of the Parthenon$915355 997 $aUNISA LEADER 02994nam 2200733 a 450 001 9910791915203321 005 20230126204226.0 010 $a1-78170-221-7 010 $a1-84779-419-X 024 7 $a10.7765/9781847794192 035 $a(CKB)2560000000085859 035 $a(EBL)1069731 035 $a(OCoLC)818847546 035 $a(SSID)ssj0000712789 035 $a(PQKBManifestationID)12322461 035 $a(PQKBTitleCode)TC0000712789 035 $a(PQKBWorkID)10650327 035 $a(PQKB)11490979 035 $a(StDuBDS)EDZ0000086920 035 $a(MiAaPQ)EBC1069731 035 $a(Au-PeEL)EBL1069731 035 $a(CaPaEBR)ebr10627260 035 $a(CaONFJC)MIL843740 035 $a(DE-B1597)659073 035 $a(DE-B1597)9781847794192 035 $a(EXLCZ)992560000000085859 100 $a20110817d2011 uy 0 101 0 $aeng 135 $aur|n|---||||| 181 $ctxt 182 $cc 183 $acr 200 10$aImmigration and social cohesion in the Republic of Ireland$b[electronic resource] /$fBryan Fanning 210 $aManchester $cManchester University Press$d2011 215 $a1 online resource (225 p.) 300 $aDescription based upon print version of record. 311 $a0-7190-8479-2 311 $a0-7190-8478-4 320 $aIncludes bibliographical references and index. 327 $aIdentities and capabilities -- Integration into what? -- Social cohesion -- Some numbers and percentages -- Some immigrant lives -- Education and segregation -- Integration as social inclusion -- Politics and citizenship -- Some challenges. 330 $aIn the last decade Ireland's immigrant population grew to more than one in ten. Now in the midst of an economic crisis the integration of immigrants has become a topical issue. Drawing extensively on demographic data and research on immigrant lives, immigrant participation in Irish politics and the experiences of immigrants living in deprived communities, this book offers a thorough study of the immigrant experience in Ireland today. Well-researched chapters and case studies examine the effects of immigration on social cohesion, the role of social policy, the nature and extent of segregation i 606 $aSocial change$zIreland 607 $aIreland$xEmigration and immigration 607 $aIreland$xSocial conditions$y21st century 610 $aIreland. 610 $adeprived communities. 610 $adiscrimination. 610 $aeconomic crisis. 610 $aimmigrants. 610 $aintegration. 610 $aracism. 610 $asegregation. 610 $asocial cohesion. 610 $asocial policy. 615 0$aSocial change 676 $a304.8209417 700 $aFanning$b Bryan$01544444 801 0$bMiAaPQ 801 1$bMiAaPQ 801 2$bMiAaPQ 906 $aBOOK 912 $a9910791915203321 996 $aImmigration and social cohesion in the Republic of Ireland$93798662 997 $aUNINA LEADER 01511oam 22004214a 450 001 9910793809103321 005 20200716185108.0 010 $a1-4962-1921-X 035 $a(CKB)4100000010103458 035 $a(OCoLC)1137741906 035 $a(MdBmJHUP)muse74821 035 $a(MiAaPQ)EBC6020910 035 $a(EXLCZ)994100000010103458 100 $a20190411g20199999 uy 0 101 0 $aeng 135 $aur|||||||nn|n 181 $ctxt$2rdacontent 182 $cc$2rdamedia 183 $acr$2rdacarrier 200 02$aA Grammar of Upper Tanana, Volume 1 $ephonology, lexical Classes, morphology 210 1$aLincoln :$cUniversity of Nebraska Press,$d[2019]- 210 3$aBaltimore, Md. :$cProject MUSE,$d2020 210 4$dİ[2019]- 215 $a1 online resource (2 volumes cm) 311 $a1-4962-1315-7 320 $aIncludes bibliographical references. 327 $avolume 1. Phonology, lexical classes, morphology / Olga Lovick. 330 $a"A Grammar of Upper Tanana is a comprehensive text that performs the impressive task of providing a linguistically accurate written record of the endangered Upper Tanana language"--$cProvided by publisher. 606 $aUpper Tanana language$xGrammar 615 0$aUpper Tanana language$xGrammar. 676 $a497/.2 702 $aLovick$b Olga Charlotte 801 0$bMdBmJHUP 801 1$bMdBmJHUP 906 $aBOOK 912 $a9910793809103321 996 $aA Grammar of Upper Tanana, Volume 1$93765638 997 $aUNINA